000 00704nam0a22002411 4500
001 RU\NLR\INFOCOMM17\ROSSICA\1000311399
005 20250613193547.0
035 _a(NLR Aleph) 009974319
090 _a9663218
_c9663218
100 _a20031016d1900 |||y0rusy50 ca
101 0 _afre
102 _aRU
105 _ay ||||000ay
200 1 _aProces-Verbal de L'Assemblée Générale de la Société Belge de Bienfaisance
_e1899
210 _aSt.Petersbourg
_d1900
710 0 0 _aSociété Belge de Bienfaisance
_bAssemblée Générale
_4070
801 1 _aRU
_bInfoComm
_c20031016
801 0 _aRU
_bNLR
_gPSBO
852 _aNLR
_bCr
_j8°1272
942 _cBOOK
980 _aNB
980 _aRossica